000 00279nam a2200109Ia 4500
008 190216s9999||||xx |||||||||||||| ||und||
100 _aChankara Kummath Shankaran
245 0 _aMalayalam-Vallthole Sahithyam
260 _bSidhartha Book House
650 _aMalayalam
942 _cBK
999 _c25044
_d25044